Statistics for All the AP Classes (as of Fall 2024)

Click here to take the quiz!

General Stats

  • This quiz has been taken 37 times
  • The average score is 26 of 38

Answer Stats

HintAnswer% Correct
Social StudiesAP Comparative Government and Politics
86%
Social StudiesAP United States Government and Politics
86%
Social StudiesAP United States History
86%
Social StudiesAP World History: Modern
86%
ArtsAP Art and Design Program
82%
LanguagesAP Chinese Language and Culture
82%
EnglishAP English Language and Composition
82%
EnglishAP English Literature and Composition
82%
LanguagesAP German Language and Culture
82%
LanguagesAP Spanish Language and Culture
82%
LanguagesAP Spanish Literature and Culture
82%
ScienceAP Biology
77%
ScienceAP Chemistry
77%
MathAP Statistics
77%
LanguagesAP French Language and Culture
73%
LanguagesAP Japanese Language and Culture
73%
MathAP Calculus AB
68%
MathAP Calculus BC
68%
ScienceAP Environmental Science
68%
Social StudiesAP European History
68%
ScienceAP Physics 1: Algebra Based
68%
ScienceAP Physics 2: Algebra Based
68%
MathAP Precalculus
68%
CapstoneAP Research
68%
CapstoneAP Seminar
68%
Computer ScienceAP Computer Science A
64%
LanguagesAP Latin
64%
Social StudiesAP Psychology
64%
ArtsAP Art History
59%
Social StudiesAP Human Geography
59%
ScienceAP Physics C: Electricity and Magnetism
59%
ScienceAP Physics C: Mechanics
59%
ArtsAP Music Theory
55%
Computer ScienceAP Computer Science Principles
50%
LanguagesAP Italian Language and Culture
50%
Social StudiesAP Macroeconomics
50%
Social StudiesAP Microeconomics
50%
Social StudiesAP African-American Studies
27%

Score Distribution

Percentile by Number Answered

Percent of People with Each Score

Your Score History

You have not taken this quiz